000 00322nam a22001337a 4500
008 250703b |||||||| |||| 00| 0 eng d
020 _a0521257980
050 _aHD6460
_b.J36
100 _aNIL
245 _aTrade Union Movement in Africa
260 _aUnited States
_bC. Hurst
_c1979
300 _axiii, 248p.
942 _cBK
999 _c4081
_d4081